T.V. en Costa Rica: la alienación en su sala

Furkejuvvon:
Bibliográfalaš dieđut
Materiálatiipa: Texto
Fáddágilkorat: Lasit fáddágilkoriid
Eai fáddágilkorat, Lasit vuosttaš fáddágilkora!

MARC

LEADER 00000 a a2200000 04500
001 1214
003
040
245 |a T.V. en Costa Rica:   |b la alienación en su sala  
773 |g número 2; páginas 18-19  
999 |c 30708  |d 30708